Spieler an Vereinslaufbahn erkennen - Statistiken

Allgemein
  • Dieses Quiz wurde 558 mal gespielt
  • Das Durchschnittsergebnis liegt bei 7 aus 10
Antwortstatistiken
Bildquiz Antwort % Korrekt
Mario Götze
95%
Zlatan Ibrahimović
95%
Julian Draxler
89%
Marco Reus
87%
Andrés Iniesta
81%
Franck Ribéry
79%
James Rodríguez
65%
Marko Arnautović
60%
Bernardo Silva
59%
Robert Glatzel
32%
Keine übereinstimmenden Quizze gefunden
Verteilung der Resultate
Anzahl Personen mit jedem Resultat
Perzentil nach korrekt beantworteten Fragen
Ihre Resultats-Entwicklung
Sie haben dieses Quiz noch nicht gespielt